Plants that belong to heath family (Ericaceae) - sudden death - Statistics

General Stats
  • This quiz has been taken 26 times
  • The average score is 4 of 12
Answers on the Grid
Answers color-coded by a green-red scale on the quiz's grid according to % correct below.
Blackberry
Cranberry
Heath (Erica)
Strawberry
Hortensia
Kiwi
Redcurrant
Lingonberry
Edelweiss
Cassiope
Strawberry tree/madrone
Azalea
Heather (Calluna)
Common mulberry
Jujube
Fig
Blueberry
Soapberry
Raspberry
True rhododendron
Philodendron
Jasmine
Almond
Huckleberry
Whitecurrant
Sugarstick (Allotropa)
St. John's wort
St. Dabeoc's heath
 
Answer Stats
Answer % Correct
Heath (Erica)
75%
Blueberry
50%
Cranberry
50%
Heather (Calluna)
50%
Lingonberry
50%
True rhododendron
33%
Azalea
25%
Cassiope
17%
St. Dabeoc's heath
17%
Sugarstick (Allotropa)
17%
Huckleberry
8%
Strawberry tree/madrone
8%
No matching quizzes found
Score Distribution
Percent of People with Each Score
Percentile by Number Answered
Your Score History
You have not taken this quiz